A múlt kétszer

Bibliographic Details
Main Author: Németh, Zoltán, 1970- (Author)
Format: Article
Language:Hungarian
Subjects:

MARC

LEADER 00000nab a2200000 ar4500
001 vtls009003095
003 SK-MaSNL
005 20260319071252.0
008 070410c20070404xo |||||||| 000 b|hun
015 |a SNBRB2007/04  |2 snkbucl 
038 |a SNKBUCL 
040 |a DSZK  |b slo  |c DSZK  |e AACR2 
041 0 |a hun 
044 |a xo  |c SK 
080 |a 821.511.141 (437.6)-9=511.141  |2 1997 
100 1 |a Németh, Zoltán,  |d 1970-  |4 aut  |9 102330 
245 1 0 |a A múlt kétszer  |c Németh Zoltán 
650 0 7 |a publicistické črty, maďarské  |2 snkbucl  |9 1034428 
773 0 |t Új szó  |g Évf. 60, sz. 79 (4.4.2007), o. 7 
852 |a SNK  |b KIS3GCP 
852 |a DSZK  |b KIS3GCP 
958 |a HU 
958 |a SK 
958 |a LX 
999 |c 1751605  |d 1753535